000 00302nam a2200109Ia 4500
008 220120s9999||||xx |||||||||||||| ||und||
100 _aMurthy, Trymbaka, S
245 0 _aText book of mechanical engineering
260 _aIK international
_bNew Delhi
_c2007
300 _aXX,377p
_b0
650 _aHUMANITIES
999 _c132393
_d132393